[Event "TORO (Open)"]
[Site "Gatineau"]
[Date "2015.06.??"]
[Round "1"]
[White "Gordon, David"]
[Black "Kellar, Ben"]
[Result "0-1"]
[BlackElo "2040"]
[WhiteElo "2300"]

1.d4 d5 2.c4 e6 3.Nf3 Nf6 4.Bg5 Be7 5.e3 O-O 6.Nc3 b6 7.cxd5 exd5 8.Be2 Bb7
9.O-O Nbd7 10.Qb3 Re8 11.Rfd1 Nf8 12.Ne5 c6 13.Rac1 Ne6 14.Bh4 Rc8 15.Qa4 a5
16.Qb3 Ba8 17.Ba6 Rb8 18.Ne2 Nc7 19.Bd3 c5 20.Bb5 c4 21.Qa4 Nxb5 22.Qxb5 Ne4
23.Bxe7 Rxe7 24.Nc3 Nd6 25.Qa4 b5 26.Qc2 f6 27.Nf3 Bc6 28.Nd2 Qe8 29.Re1 b4
30.Ne2 a4 31.a3 bxa3 32.bxa3 Reb7 33.Rb1 Nb5 34.Qa2 Kh8 35.Rb4 Qg6 36.Nf4 Qf5
37.Qb1 Qxb1 38.Nxb1 Nc7 39.Rxb7 Rxb7 40.Kf1 Rb3 41.Ke2 Nb5 42.Kf3 Nxa3
43.Nxa3 Rxa3 44.Ne2 Rb3 45.Rc1 a3 46.Nc3 g5 47.g4 Be8 48.Kg3 Bg6 49.Nxd5 a2
50.Rxc4 a1=Q 51.Rc8+ Kg7 52.Rc7+ Bf7 53.Ne7 Qg1+ 54.Kf3 Qh1+ 55.Kg3 Kf8
56.Nf5 Bd5 57.Rc8+ Kf7 58.Nh6+ Ke7 59.Nf5+ Kd7 60.Rh8 Qg2# 0-1

[Event "TORO (Open)"]
[Site "Gatineau"]
[Date "2015.06.??"]
[Round "1"]
[White "Simic, Dusan"]
[Black "Potvin, Daniel"]
[Result "1-0"]
[BlackElo "1632"]
[WhiteElo "2216"]

1.e4 b6 2.d4 Bb7 3.Bd3 e6 4.Nf3 Bb4+ 5.c3 Be7 6.Bf4 d6 7.Nbd2 Nd7 8.Qe2 Ngf6
9.O-O O-O 10.Rad1 Rc8 11.Rfe1 Re8 12.Bb1 Bf8 13.e5 Nh5 14.Bg5 Be7 15.Qe3 g6
16.Ne4 d5 17.Ng3 Nxg3 18.fxg3 c5 19.Rf1 f6 20.exf6 Bxf6 21.Bxf6 Nxf6 22.Ne5
Nd7 23.Nf7 Qe7 24.Bxg6 hxg6 25.Qh6 Qxf7 26.Rxf7 Kxf7 27.Qh7+ Kf6 28.Rf1+ Kg5
29.Qh4# 1-0

[Event "TORO (Open)"]
[Site "Gatineau"]
[Date "2015.06.??"]
[Round "1"]
[White "Palsson, Halldor"]
[Black "Qin, Ziyi"]
[Result "0-1"]
[BlackElo "2440"]
[WhiteElo "2108"]

1.d4 Nf6 2.c4 g6 3.Nc3 Bg7 4.e4 d6 5.f3 c5 6.Nge2 O-O 7.Be3 b6 8.Qd2 Nc6 9.d5
Ne5 10.Ng3 h5 11.Be2 e6 12.O-O exd5 13.cxd5 a6 14.a4 h4 15.Nh1 Nh7 16.Nf2 f5
17.h3 Bd7 18.f4 Nf7 19.Bc4 Re8 20.Rfe1 Nf6 21.exf5 Bxf5 22.Re2 Qd7 23.Rae1
Nh5 24.Nh1 Ng3 25.Rf2 Ne4 26.Nxe4 Rxe4 27.b3 b5 28.axb5 axb5 29.Bd3 Rb4
30.Rb1 Re8 31.Re2 c4 32.Qxb4 Bxd3 33.Rbe1 Bxe2 34.Rxe2 Rxe3 35.Rxe3 Bd4
36.Kf2 Qa7 37.bxc4 Bxe3+ 38.Kf3 Qd4 39.Qxb5 Qxf4+ 40.Ke2 Bc5 0-1

[Event "TORO (Open)"]
[Site "Gatineau"]
[Date "2015.06.??"]
[Round "1"]
[White "Kuriliw, Ray"]
[Black "Gelblum, Robert"]
[Result "0-1"]
[BlackElo "2288"]
[WhiteElo "1992"]

1.d4 Nf6 2.c4 c5 3.d5 e6 4.dxe6 fxe6 5.Nc3 d5 6.cxd5 exd5 7.e3 Be7 8.Nf3 O-O
9.Be2 Nc6 10.O-O a6 11.b3 b5 12.Bb2 Bb7 13.Rc1 Qd6 14.Qc2 Rac8 15.a3 Ng4
16.h3 Nge5 17.Rcd1 d4 18.Ne4 Qg6 19.Kh1 d3 20.Rxd3 Qxe4 21.Rc3 Qxc2 22.Rxc2
Nxf3 23.Bxf3 Na5 24.Bg4 Rcd8 25.Be5 Rd3 26.b4 Nc4 27.Be6+ Kh8 28.Bxc4 bxc4
29.Rxc4 Rxe3 30.fxe3 Rxf1+ 31.Kh2 Rf2 32.Rg4 Bf6 33.Bxf6 gxf6 34.bxc5 h5
35.Rg3 Rc2 36.h4 Kh7 37.e4 Bxe4 38.Re3 f5 39.Kg3 Rxc5 40.Kf4 Kh6 41.g3 a5
42.Rb3 Rc6 43.Rb5 a4 44.Rb4 Bc2 45.Rb2 Kg6 46.Ke5 Bb3 47.Rd2 Re6+ 48.Kf4 Kf6
49.Rd4 Rc6 50.Rd8 Rc4+ 51.Ke3 Rc3+ 52.Kf4 Rc4+ 53.Ke3 Re4+ 54.Kf2 Ke5 55.Rh8
Bd1 56.Re8+ Kf6 57.Rd8 Bg4 58.Rd3 Ke5 59.Rd2 Rd4 60.Rb2 Ke4 61.Rc2 Kd3 62.Rc6
Rc4 63.Rd6+ Kc2 64.Rb6 Rc3 65.Rb4 Rxa3 66.Rc4+ Kd3 67.Rf4 Ra2+ 68.Kg1 a3
69.Ra4 Ke3 70.Rf4 Rd2 71.Ra4 a2 72.Ra3+ Ke2 73.Kg2 Kd1+ 74.Kf1 Kc1 75.Ke1
Re2+ 76.Kf1 Kb2 0-1

[Event "TORO (Open)"]
[Site "Gatineau"]
[Date "2015.06.??"]
[Round "1"]
[White "Fourouzandeh, Ehsan"]
[Black "Valdizon, Armando"]
[Result "0-1"]
[BlackElo "2223"]
[WhiteElo "1691"]

1.e4 c5 2.Nc3 Nc6 3.Nf3 d6 4.Bb5 a6 5.Bxc6+ bxc6 6.h3 e5 7.d3 Rb8 8.O-O h6
9.b3 g6 10.Qe2 Bg7 11.Bb2 Nf6 12.Nd1 Nh5 13.Bc1 O-O 14.Rb1 Re8 15.Nh2 Be6
16.c4 Nf4 17.Bxf4 exf4 18.Nf3 g5 19.Qd2 Qf6 20.Nh2 h5 21.g4 Qh6 22.f3 Bd4+
23.Kg2 Kg7 24.Nf2 Rh8 25.Rh1 hxg4 26.Nhxg4 Qh4 27.Kf1 Qg3 28.Qe2 Bxg4 29.hxg4
Rxh1+ 30.Nxh1 Qg1# 0-1

[Event "TORO (Open)"]
[Site "Gatineau"]
[Date "2015.06.??"]
[Round "2"]
[White "Qin, Ziyi"]
[Black "Zhou, Qiyu"]
[Result "1-0"]
[BlackElo "2242"]
[WhiteElo "2440"]

1.c4 e5 2.Nc3 Nc6 3.g3 Bc5 4.Bg2 a6 5.e3 d6 6.Nge2 Ba7 7.d4 exd4 8.exd4 Nge7
9.h3 Nf5 10.Be3 O-O 11.O-O Re8 12.Qd2 Bd7 13.Kh2 Rb8 14.Nd5 Nce7 15.Nec3 Nc6
16.Ne2 Nce7 17.Ndc3 b5 18.cxb5 axb5 19.Ne4 Nd5 20.Bg5 Qc8 21.N2c3 Nb6 22.b3
h6 23.Be3 Re7 24.a3 Qe8 25.Bf4 Nc8 26.Rae1 c6 27.d5 b4 28.dxc6 bxc3 29.cxd7
Qxd7 30.Qxc3 Qb5 31.b4 Bd4 32.Qd2 Qb6 33.Nc3 Rxe1 34.Rxe1 Bxf2 35.Re8+ Kh7
36.Qc2 g6 37.Nd5 Bg1+ 38.Kh1 Qf2 39.Qc7 Nfe7 40.Rxe7 Nxe7 41.Qxe7 1-0

[Event "TORO (Open)"]
[Site "Gatineau"]
[Date "2015.06.??"]
[Round "2"]
[White "Wan, Kevin"]
[Black "Sambuev, Bator"]
[Result "0-1"]
[BlackElo "2650"]
[WhiteElo "2266"]

1.e4 e6 2.d4 d5 3.exd5 exd5 4.Bd3 Nc6 5.c3 Bd6 6.Ne2 Qh4 7.Qb3 Nf6 8.Nd2 O-O
9.Nf3 Qh5 10.Bg5 Bg4 11.Bxf6 Bxf3 12.gxf3 Qxf3 13.O-O-O Qxf6 14.Qxd5 Qxf2
15.Qe4 f5 16.Qe6+ Kh8 17.Rdf1 Qh4 18.Rxf5 g6 19.Rxf8+ Rxf8 20.h3 Ne7 21.Qe4
Qxe4 22.Bxe4 b6 23.Kd2 Kg7 24.Ke1 Re8 25.Rf1 Ng8 26.Bf3 Nh6 27.Kd2 Nf5 28.Bc6
Re7 29.Rf3 Kf6 30.Kd3 Kg5 31.Be4 Nh6 32.Ke3 Kh4 33.Kd3 Nf7 34.Rf1 Ng5 35.Bg2
Rf7 36.Rg1 Rf6 37.Ke3 h5 38.a3 Bf8 39.Kd3 Bh6 40.Rh1 Rf2 41.Bc6 Rf6 42.Bg2
Nf7 43.b4 Re6 44.Bf1 Nd6 45.Rg1 Re3+ 46.Kc2 g5 47.Kd2 Nc4+ 48.Ke1 Bf8 49.Kf2
Bd6 50.a4 Re8 51.Bg2 Nb2 52.Bc6 Nd3+ 53.Kf3 Rf8+ 54.Ke3 Nf4 55.Nxf4 Bxf4+
56.Ke4 Kxh3 57.Bd7+ Kh2 58.Rf1 g4 59.Rxf4 Rxf4+ 60.Kxf4 g3 61.Bc6 h4 0-1

[Event "TORO (Open)"]
[Site "Gatineau"]
[Date "2015.06.??"]
[Round "2"]
[White "Yao, Sammy"]
[Black "Simard, François"]
[Result "1-0"]
[BlackElo "1913"]
[WhiteElo "2165"]

1.c4 c5 2.g3 Nc6 3.Bg2 e6 4.Nc3 Nf6 5.e4 Be7 6.Nge2 O-O 7.O-O Rb8 8.f4 b6
9.h3 Bb7 10.d3 a6 11.g4 Ne8 12.g5 f5 13.exf5 Rxf5 14.Ng3 Rf8 15.Be4 Nd4
16.Bxb7 Rxb7 17.Nce2 Nxe2+ 18.Qxe2 Nd6 19.Bd2 Nf5 20.Nxf5 Rxf5 21.Qe4 Qc7
22.Rf3 Rb8 23.Raf1 Rbf8 24.Kg2 Qb8 25.d4 cxd4 26.Qxd4 Qb7 27.h4 e5 28.Qd5+
Qxd5 29.cxd5 e4 30.Rb3 Rxd5 31.Be3 b5 32.Kg3 Bc5 33.Rf2 Bxe3 34.Rxe3 Rd4
35.f5 d5 36.Kf4 g6 37.f6 h5 38.Ke5 Rd1 39.Ke6 Re8+ 40.Kd7 Kf7 41.Rfe2 Rh1
42.Rd2 Re5 43.Kd6 Rf5 44.Rc3 1-0

[Event "TORO (Open)"]
[Site "Gatineau"]
[Date "2015.06.??"]
[Round "2"]
[White "Gauthier, Denis"]
[Black "Corriveau, Philippe"]
[Result "1/2-1/2"]
[BlackElo "2022"]
[WhiteElo "1861"]

1.d4 d5 2.c4 c6 3.Nf3 Nf6 4.e3 Bf5 5.Nc3 e6 6.Be2 Bd6 7.Nh4 Bg6 8.O-O Nbd7
9.h3 O-O 10.Nxg6 hxg6 11.Qc2 Re8 12.e4 dxe4 13.Nxe4 Nxe4 14.Qxe4 Nf6 15.Qc2
Bc7 16.Be3 Qd6 17.g3 e5 18.dxe5 Qxe5 19.Bf3 Nh5 20.Bxh5 Qxh5 21.Kg2 Re7
22.Rad1 a6 23.Rd4 Rae8 24.Rfd1 Qe5 25.Bf4 Qe6 26.Bxc7 Rxc7 27.Rd6 Qe5 28.c5
Ree7 29.b4 Re6 30.Qd3 Rce7 31.Rxe6 Qxe6 32.a3 Qe5 33.Qd4 Qe6 34.Qf4 f6
35.Rd8+ Kf7 36.Qd4 Qe2 37.Rd7 Qe6 38.Rd6 Qe2 39.Rd7 Qe6 40.Rd6 Qe2 1/2-1/2

[Event "TORO (Open)"]
[Site "Gatineau"]
[Date "2015.06.??"]
[Round "2"]
[White "Gelblum, Robert"]
[Black "Simic, Dusan"]
[Result "1/2-1/2"]
[BlackElo "2216"]
[WhiteElo "2288"]

1.e4 c5 2.Nf3 e6 3.b3 Nc6 4.Bb2 d6 5.d4 cxd4 6.Nxd4 Bd7 7.c4 Nf6 8.Nc3 Be7
9.Be2 O-O 10.O-O a6 11.Nc2 Qb8 12.f4 b5 13.cxb5 axb5 14.Bxb5 Nxe4 15.Nxe4
Qxb5 16.Kh1 d5 17.Nc3 Qa5 18.Ne2 f6 19.h3 Nd8 20.Ned4 Qa6 21.Re1 Qd6 22.Qd2
Nf7 23.a4 Qa6 24.Na3 Qb6 25.Ndb5 Nd6 26.Bd4 Qb8 27.Nc3 Nf5 28.Bf2 Bd6 29.g3
d4 30.Ne4 Bb4 31.Qd3 Bc6 32.Kh2 Qb7 33.Re2 Rfd8 34.Nc4 Bxe4 35.Qxe4 Qxe4
36.Rxe4 Bc3 37.Rd1 d3 38.Na3 Kf7 39.Nb5 Rac8 40.g4 Nd6 41.Nxd6+ Rxd6 42.Be3
f5 43.Rc4 Rxc4 44.bxc4 d2 45.Kg2 Rd3 46.Kf2 Bd4 47.Bxd4 Rxd4 48.Ke3 Rxc4
49.Rxd2 Rxa4 50.Rd7+ Kf8 51.Rd3 fxg4 52.hxg4 g5 53.fxg5 Rxg4 54.Rd7 Rxg5
55.Rxh7 1/2-1/2

[Event "TORO (Open)"]
[Site "Gatineau"]
[Date "2015.06.??"]
[Round "2"]
[White "Sadeghi, Saeid"]
[Black "Gunapalan, David"]
[Result "0-1"]
[BlackElo "1902"]
[WhiteElo "2085"]

1.d4 d5 2.Nf3 c5 3.e3 Nf6 4.b3 cxd4 5.exd4 Nc6 6.Bb2 Bg4 7.Be2 e6 8.O-O Bd6
9.Nbd2 Rc8 10.Ne5 Bxe2 11.Qxe2 O-O 12.Ndf3 h6 13.c4 Re8 14.Rac1 Qa5 15.a3 Qa6
16.Qd1 Red8 17.c5 Bxe5 18.dxe5 Nd7 19.Re1 Na5 20.Nd2 Nxc5 21.Rxc5 Rxc5 22.Ne4
Rb5 23.b4 Nc4 24.Bc1 Qc6 25.Bxh6 gxh6 26.Nf6+ Kf8 27.Qh5 d4 28.Qxh6+ Ke7
29.Qg5 d3 30.Ng8+ Kd7 31.Qe7+ Kc8 32.Qxf7 Qd7 33.Qf4 Rxg8 34.Qxc4+ Qc6 0-1

[Event "TORO (Open)"]
[Site "Gatineau"]
[Date "2015.06.??"]
[Round "2"]
[White "Kellar, Ben"]
[Black "Dumont, Felix"]
[Result "0-1"]
[BlackElo "2225"]
[WhiteElo "2040"]

1.c4 e5 2.g3 Nc6 3.Bg2 f5 4.Nc3 Nf6 5.d3 Bb4 6.Nf3 O-O 7.O-O e4 8.dxe4 Bxc3
9.bxc3 Nxe4 10.Qd3 Qf6 11.Bf4 d6 12.Nd4 Ne5 13.Bxe5 Qxe5 14.e3 b6 15.Nc6 Qe6
16.Nb4 Bb7 17.Nd5 Rf7 18.Bh3 a5 19.f3 Nc5 20.Bxf5 Qh6 21.Qc2 Bxd5 22.cxd5
Qxe3+ 23.Kg2 g6 24.Rae1 Qg5 25.Be4 Re7 26.f4 Qf6 27.Bf3 Rae8 28.Rxe7 Rxe7
29.Qd2 Qf5 30.Rf2 Qb1 31.Re2 Rxe2+ 32.Qxe2 Kf7 33.g4 Qc1 34.Qc4 Qd2+ 35.Kg3
Qe1+ 36.Kg2 Qe3 37.Kg3 Qg1+ 38.Kh3 Qf2 39.Bg2 Qe3+ 40.Kh4 Qf2+ 41.Kh3 h6
42.g5 Qe3+ 43.Kg4 h5+ 44.Kh4 Qf2+ 45.Kh3 Qe3+ 46.Kh4 b5 47.Qd4 Qxd4 48.cxd4
Nd3 49.Be4 Nxf4 50.Bf3 b4 51.Kg3 Nd3 52.Bd1 Nc1 53.Kf3 Nxa2 54.Ke3 Nc3 55.Bb3
a4 56.Bc2 a3 57.Bb3 a2 58.Bxa2 Nxa2 59.Kd2 Nc3 0-1

[Event "TORO (Open)"]
[Site "Gatineau"]
[Date "2015.06.??"]
[Round "2"]
[White "Tomalty, Alan"]
[Black "Gordon, David"]
[Result "0-1"]
[BlackElo "2300"]
[WhiteElo "1744"]

1.d4 Nf6 2.Nf3 c5 3.d5 e6 4.c4 exd5 5.cxd5 d6 6.Nc3 g6 7.e4 Bg7 8.Bg5 h6
9.Bh4 a6 10.a4 O-O 11.Bd3 Bg4 12.h3 Bxf3 13.Qxf3 Nbd7 14.Bg3 Qe7 15.O-O Nh5
16.Bh2 Be5 17.Bxe5 Nxe5 18.Qe3 Qg5 19.Qxg5 hxg5 20.Bc2 b6 21.Ne2 b5 22.f4
gxf4 23.Nxf4 Nxf4 24.Rxf4 Rfd8 25.Kf2 Kf8 26.Ke2 Ke7 27.Rff1 Rh8 28.Ra2 b4
29.b3 c4 30.Raa1 a5 31.Rfc1 cxb3 32.Bxb3 Rac8 33.Kd2 Nd7 34.Rc4 Rxc4 35.Bxc4
Rc8 36.Bb5 Nc5 37.Re1 Nb3+ 38.Ke3 Rc3+ 39.Kf4 f6 40.h4 Nc1 41.Re3 g5+ 42.hxg5
fxg5+ 43.Kf3 Rxe3+ 44.Kxe3 Nb3 45.Be2 Nc5 46.Bd1 b3 47.Kd2 Nxe4+ 48.Kc1 Nc5
49.Kb2 Nxa4+ 50.Kxb3 Nb6 51.Bf3 Kf6 52.g4 Ke5 53.Bg2 Kf4 0-1

[Event "TORO (Open)"]
[Site "Gatineau"]
[Date "2015.06.??"]
[Round "2"]
[White "Pacey, Kevin"]
[Black "Kuriliw, Ray"]
[Result "1-0"]
[BlackElo "1992"]
[WhiteElo "2198"]

1.d4 d5 2.Nf3 Nf6 3.c4 c6 4.e3 Bf5 5.Nc3 e6 6.Qb3 Qb6 7.c5 Qc7 8.Nh4 Bg6
9.Nxg6 hxg6 10.Bd2 Nbd7 11.h3 Be7 12.Be2 e5 13.O-O-O b5 14.cxb6 axb6 15.Kb1
b5 16.Rc1 Qa7 17.Bg4 Nxg4 18.hxg4 Rxh1 19.Rxh1 Nb6 20.Rh8+ Kd7 21.Nxb5 Qb7
22.Rxa8 Nxa8 23.Nc3 Qxb3 24.axb3 e4 25.Na4 f5 26.gxf5 gxf5 27.Kc2 g5 28.Kd1
g4 29.Ba5 Kc8 30.b4 Kb7 31.Nc5+ Bxc5 32.bxc5 Ka6 33.Bd8 Kb5 34.g3 Ka6 35.Kc2
Kb7 36.Kb3 Kc8 37.Ba5 Kb7 38.Ka4 Ka7 39.b4 Ka6 40.Bd8 Kb7 41.b5 Kc8 42.Ba5
Kb7 43.Kb4 cxb5 44.Kxb5 Nc7+ 45.Bxc7 1-0

[Event "TORO (Open)"]
[Site "Gatineau"]
[Date "2015.06.??"]
[Round "2"]
[White "Forget, David"]
[Black "Cova, Ramon J."]
[Result "0-1"]
[BlackElo "2093"]
[WhiteElo "1941"]

1.d4 d5 2.c4 c6 3.Nf3 Nf6 4.cxd5 cxd5 5.Nc3 Nc6 6.Bf4 e6 7.e3 Be7 8.Bd3 Nh5
9.Be5 f6 10.Bg3 Nxg3 11.hxg3 f5 12.Rc1 Bd7 13.Nd2 Qb6 14.a3 O-O-O 15.Na4 Qc7
16.b4 a6 17.Nc5 Bxc5 18.Rxc5 Qb6 19.Nf3 Kb8 20.O-O Rc8 21.Qd2 Na7 22.Ne5 Rhd8
23.Rfc1 Be8 24.Qc2 Rxc5 25.bxc5 Qc7 26.Rb1 Bb5 27.Bxb5 Nxb5 28.Qb3 Na7 29.Qd3
Ka8 30.Rb6 Re8 31.Qb3 Nc8 32.Rb4 Na7 33.Qa4 Re7 34.Rb1 g6 35.c6 Nxc6 36.Rc1
Qa5 37.Qxa5 Nxa5 38.Rc8+ Ka7 39.Rc5 Kb6 40.Rc8 Nc6 41.Nxc6 bxc6 42.Rb8+ Kc7
43.Ra8 Kb7 44.Rh8 Kc7 45.Ra8 Kb7 46.Rh8 e5 47.dxe5 Rxe5 48.Rxh7+ Kb6 49.Rh6
Re6 50.Kf1 Kc5 51.Rh4 Kb5 52.Rb4+ Ka5 53.Ke2 c5 54.Rh4 c4 55.Rd4 Ka4 56.Rxd5
Kxa3 57.Kd2 Kb2 58.Rd8 c3+ 59.Kd3 Rc6 60.Rb8+ Kc1 61.Rb3 c2 62.Ke2 Rc5 63.Rb6
Rb5 0-1

[Event "TORO (Open)"]
[Site "Gatineau"]
[Date "2015.06.??"]
[Round "2"]
[White "Fourouzandeh, Ehsan"]
[Black "Palsson, Halldor"]
[Result "0-1"]
[BlackElo "2108"]
[WhiteElo "1691"]

1.c4 e6 2.g3 f5 3.e3 Nf6 4.Bg2 c6 5.Nc3 d5 6.cxd5 cxd5 7.d4 Nc6 8.Nge2 Bd6
9.O-O a6 10.Bd2 O-O 11.a3 Bd7 12.b4 Be8 13.Qb1 b5 14.Ra2 Qe7 15.Rc2 Nb8
16.Nf4 Bxf4 17.exf4 Nbd7 18.Re1 Nb6 19.Bc1 Bh5 20.Qb3 Qd7 21.Ra2 Ne4 22.f3
Nxc3 23.Qxc3 Rac8 24.Qd3 Rc4 25.Rc2 Rfc8 26.Rxc4 dxc4 27.Qe3 Bf7 28.Bf1 Nd5
29.Qf2 Qa7 30.Re2 a5 31.Ra2 axb4 32.axb4 Qb6 33.Rb2 Ra8 34.Rc2 Ra4 35.Bxc4
bxc4 36.Rxc4 h6 37.Rc8+ Kh7 38.Rf8 Bg8 39.Kg2 Qxb4 40.Rc8 Qxd4 41.Qxd4 Rxd4
42.Rb8 Rc4 43.Rb1 Rc2+ 44.Kg1 Nc3 0-1

[Event "TORO (Open)"]
[Site "Gatineau"]
[Date "2015.06.??"]
[Round "3"]
[White "Sambuev, Bator"]
[Black "Qin, Ziyi"]
[Result "0-1"]
[BlackElo "2440"]
[WhiteElo "2650"]

1.e4 c5 2.Ne2 d6 3.g3 Nf6 4.Bg2 e5 5.O-O Be7 6.c3 O-O 7.d4 cxd4 8.cxd4 a6
9.h3 b5 10.a4 b4 11.Be3 a5 12.f4 Nbd7 13.g4 Bb7 14.Ng3 exd4 15.Bxd4 Nc5
16.Nd2 Re8 17.g5 Nfd7 18.Qg4 Bf8 19.h4 d5 20.e5 Ne6 21.Bf2 Rc8 22.Rae1 Nec5
23.h5 Nd3 24.g6 fxg6 25.hxg6 h6 26.Bh3 Rc7 27.Nf3 Bc8 28.Nf5 Nxe1 29.Rxe1 Nc5
30.N3d4 Ne6 31.Qf3 Nxd4 32.Nxd4 Bxh3 33.Qxh3 Bc5 34.b3 Bxd4 35.Bxd4 Rc6
36.Qg4 Qc8 37.f5 Rc1 38.Rxc1 Qxc1+ 39.Kg2 Qd2+ 40.Kh3 Qd3+ 41.Kh4 Qc2 42.Qf4
Rf8 43.f6 Qxg6 44.Kh3 Qh5+ 45.Kg3 Qg5+ 46.Qxg5 hxg5 47.Kg4 gxf6 48.exf6 Kf7
49.Kxg5 Rc8 50.Kf5 Rc3 0-1

[Event "TORO (Open)"]
[Site "Gatineau"]
[Date "2015.06.??"]
[Round "3"]
[White "Dumont, Felix"]
[Black "Simic, Dusan"]
[Result "1-0"]
[BlackElo "2216"]
[WhiteElo "2225"]

1.d4 Nf6 2.Nf3 g6 3.Bg5 Bg7 4.Nbd2 d6 5.e4 O-O 6.c3 Nc6 7.d5 Nb8 8.Bc4 Nbd7
9.O-O Nb6 10.Bb3 h6 11.Be3 c5 12.dxc6 bxc6 13.h3 Qc7 14.Re1 c5 15.Nc4 Nxc4
16.Bxc4 Bb7 17.Nh4 Kh7 18.Bd5 Nxd5 19.exd5 Rfe8 20.f4 f5 21.Bf2 Bc8 22.Qb3
Bd7 23.Re2 Bf6 24.Nf3 Rab8 25.Qc2 Qb7 26.Bh4 Rf8
{ Il m'est impossible de reconstituer la suite. Les Noirs abandonnèrent au 46e coup. }
1-0

[Event "TORO (Open)"]
[Site "Gatineau"]
[Date "2015.06.??"]
[Round "3"]
[White "Gordon, David"]
[Black "Yao, Sammy"]
[Result "1-0"]
[BlackElo "2165"]
[WhiteElo "2300"]

1.d4 f5 2.Qd3 d5 3.Bg5 Nf6 4.Bxf6 exf6 5.g3 c6 6.Nd2 Be6 7.e3 Qb6 8.Rb1 Na6
9.c3 g6 10.Ne2 Bd6 11.Nf4 Bf7 12.h4 Nc7 13.Bh3 Bxf4 14.gxf4 O-O-O 15.Nb3 Ne6
16.Kd2 Kb8 17.Kc2 a5 18.a3 Rc8 19.Rbc1 Rhe8 20.h5 a4 21.Na1 c5 22.Kb1 c4
23.Qd2 Nc7 24.Nc2 Nb5 25.Nb4 Nd6 26.hxg6 hxg6 27.Bg2 Ne4 28.Bxe4 fxe4 29.Rh7
Be6 30.Rch1 Rc7 31.R7h6 Rg7 32.Qd1 Qb5 33.Qg1 Reg8 34.R1h2 Qd7 35.Rg2 Qf7
36.Kc1 g5 37.fxg5 Rxg5 38.Rxg5 Rxg5 39.Qh2+ Ka7 40.Rh8 Rg8 41.Rxg8 Qxg8
42.Qc7 Qg1+ 43.Kc2 Qxf2+ 44.Kb1 Ka8 45.Qa5+ Kb8 46.Qb6 Bd7 47.Qd6+ Kc8
48.Qf8+ Kc7 49.Nxd5+ 1-0

[Event "TORO (Open)"]
[Site "Gatineau"]
[Date "2015.06.??"]
[Round "3"]
[White "Zhou, Qiyu"]
[Black "Gauthier, Denis"]
[Result "1-0"]
[BlackElo "1861"]
[WhiteElo "2242"]

1.d4 Nf6 2.Nf3 e6 3.e3 b6 4.Bd3 Bb7 5.O-O c5 6.c4 Be7 7.Nc3 O-O 8.d5 exd5
9.cxd5 d6 10.e4 Nbd7 11.h3 a6 12.a4 Re8 13.Bf4 Bf8 14.Bh2 c4 15.Bc2 Nc5
16.Re1 g6 17.Qd4 Rc8 18.Rad1 Bg7 19.Qd2 h6 20.Qf4 Bf8 21.Nd4 Nh5 22.Qd2 Nf6
23.f4 Bg7 24.Nf3 Qd7 25.e5 Nh7 26.f5 gxf5 27.Nh4 Ne4 28.Nxe4 fxe4 29.Bxe4
Rcd8 30.exd6 Ng5 31.Bf5 Qxa4 32.Rxe8+ Rxe8 33.d7 Rd8 34.Re1 Qb5 35.Kh1 Bf6
36.Bc7 Rxd7 37.Bxd7 Qxd7 38.Qf4 Bxb2 39.Nf5 Kh7 40.h4 Qxd5 41.Qg4 Ne6 42.Bxb6
c3 43.Ne7 Qxg2+ 44.Qxg2 Bxg2+ 45.Kxg2 c2 46.Be3 1-0

[Event "TORO (Open)"]
[Site "Gatineau"]
[Date "2015.06.??"]
[Round "3"]
[White "Cova, Ramon J."]
[Black "Gelblum, Robert"]
[Result "1-0"]
[BlackElo "2288"]
[WhiteElo "2093"]

1.e4 c5 2.Nc3 e6 3.f4 d5 4.d3 Nc6 5.Nf3 Nf6 6.Qe2 Be7 7.g3 O-O 8.Bg2 b5 9.O-O
b4 10.Na4 Qa5 11.b3 dxe4 12.Ne5 Nd4 13.Qf2 Bb7 14.Re1 Nf3+ 15.Nxf3 exf3
16.Bxf3 Bxf3 17.Qxf3 Nd5 18.Bb2 Nc3 19.Nxc3 bxc3 20.Bc1 Bf6 21.Re4 Bd4+
22.Be3 Qb6 23.Bf2 Rad8 24.Rae1 g6 25.Kg2 Rd6 26.R4e2 Qb4 27.a4 Kg7 28.Re4 Rd5
29.Bxd4+ cxd4 30.Re5 Rfd8 31.h4 h5 32.g4 hxg4 33.Qxg4 Rxe5 34.Rxe5 Qb7+
35.Qf3 Qe7 36.h5 f6 37.Rb5 Rd7 38.hxg6 Qe8 39.Qh5 Qxg6+ 40.Qxg6+ Kxg6 41.a5
Rd6 42.Kf3 f5 43.Rc5 Kf6 44.b4 a6 45.Rc7 e5 46.Rc5 exf4 47.Kxf4 Ke7 48.Rxf5
Rh6 49.Ke4 Rh4+ 50.Kd5 Rh2 51.Kxd4 Rxc2 52.Rc5 Kd6 53.Rxc3 Rb2 54.Rc4 Rb3
55.Ke4 Rb1 56.Ke3 Rb2 57.Rh4 Kc6 58.Rh6+ Kd5 59.Rxa6 Rxb4 60.Rb6 Ra4 61.Rh6
Ra3 62.Rh5+ Kc6 63.Ke4 Kb7 64.Rc5 Ka6 65.d4 Ra1 66.d5 Re1+ 67.Kd4 Rd1+ 68.Ke5
Re1+ 69.Kd6 Rh1 70.Kc6 Rh6+ 71.d6 Rg6 72.Kc7 Rg7+ 73.d7 Rh7 74.Kc8 1-0

[Event "TORO (Open)"]
[Site "Gatineau"]
[Date "2015.06.??"]
[Round "3"]
[White "Palsson, Halldor"]
[Black "Valdizon, Armando"]
[Result "0-1"]
[BlackElo "2223"]
[WhiteElo "2108"]

1.d4 d5 2.c4 e6 3.Nc3 f5 4.g3 Nf6 5.Bg2 c6 6.b3 Bd6 7.Bb2 O-O 8.Nf3 b6 9.O-O
Nbd7 10.e3 Ba6 11.Qd3 Qe7 12.Ne2 Rfd8 13.Qc2 Rac8 14.Nf4 Ne4 15.Nd3 c5
16.Nfe5 cxd4 17.exd4 Bxe5 18.Nxe5 Nxe5 19.dxe5 dxc4 20.Rfd1 cxb3 21.Qxb3 Nc5
22.Qa3 Be2 23.Re1 Bc4 24.Bc3 Bd5 25.Bf1 Qf7 26.Bd2 Ne4 27.Bc1 Rc7 28.Bg2 Rdc8
29.Be3 Rc3 30.Qa6 Qb7 31.Qxb7 Bxb7 32.a4 Nc5 33.Bf1 Nb3 34.Rad1 R3c7 35.Rd6
Kf7 36.Red1 Bf3 37.Rb1 Na5 38.Ba6 Bb7 39.Bxb7 Nxb7 40.Rdd1 Ke8 41.Rb5 Rc4
42.Ra1 Rd8 43.a5 Nxa5 44.Rbxa5 bxa5 45.Rxa5 Rc7 46.Bxa7 Ra8 47.Bb6 Rxa5
48.Bxc7 Ra1+ 49.Kg2 Kd7 50.Bb8 Kc6 51.h4 Kd5 52.Bd6 g6 53.Bc7 Ke4 54.Bd6 Ra2
55.Bc7 h6 56.Bd6 f4 57.gxf4 Kxf4 58.Bc7 g5 59.hxg5 hxg5 60.Bd6 g4 61.Bc5 Kxe5
62.Kg3 Kf5 63.Be3 Ra3 64.Kh4 Rxe3 65.fxe3 e5 66.Kg3 Ke4 67.Kxg4 Kxe3 68.Kg3
e4 69.Kg2 Kd2 0-1

[Event "TORO (Open)"]
[Site "Gatineau"]
[Date "2015.06.??"]
[Round "3"]
[White "Corriveau, Philippe"]
[Black "Pacey, Kevin"]
[Result "1-0"]
[BlackElo "2198"]
[WhiteElo "2022"]

1.e4 e5 2.Nf3 Nc6 3.d4 exd4 4.Nxd4 Qf6 5.Be3 Bc5 6.c3 Nge7 7.Bc4 O-O 8.O-O
Ne5 9.Bb3 d6 10.f3 a6 11.Qd2 h6 12.Kh1 b5 13.Ne2 Bxe3 14.Qxe3 Be6 15.Nd2 c5
16.f4 N5c6 17.Bc2 Bc4 18.Rf3 Bxe2 19.Qxe2 Ng6 20.Raf1 Rae8 21.a4 c4 22.axb5
axb5 23.b3 d5 24.e5 Qe7 25.bxc4 bxc4 26.Rg3 Nh8 27.Qh5 Qe6 28.Bf5 1-0

[Event "TORO (Open)"]
[Site "Gatineau"]
[Date "2015.06.??"]
[Round "3"]
[White "Kuriliw, Ray"]
[Black "Fourouzandeh, Ehsan"]
[Result "1-0"]
[BlackElo "1691"]
[WhiteElo "1992"]

1.d4 Nf6 2.c4 e6 3.Nc3 d5 4.e3 Nc6 5.Nf3 Be7 6.a3 a5 7.b3 O-O 8.Bb2 b6 9.Qc2
Bb7 10.cxd5 exd5 11.Bd3 Ba6 12.Bxa6 Rxa6 13.Nb5 Qd7 14.Rc1
{ Il m'est impossible de reconsituer la partie qui a duré 51 coups. } 1-0

[Event "TORO (Open)"]
[Site "Gatineau"]
[Date "2015.06.??"]
[Round "3"]
[White "Gunapalan, David"]
[Black "Wan, Kevin"]
[Result "0-1"]
[BlackElo "2266"]
[WhiteElo "1902"]

1.e4 e6 2.Nc3 d5 3.Nf3 Nf6 4.e5 Nfd7 5.d4 c5 6.dxc5 Nc6 7.Bf4 Bxc5 8.Bd3 a6
9.Qe2 b5 10.O-O h6 11.Rfe1 Bb7 12.Nxd5 exd5 13.e6 Nf8 14.exf7+ Kxf7 15.Ne5+
Nxe5 16.Bxe5 Qd7 17.Qf3+ Kg8 18.Qg3 Qf7 19.Re2 h5 20.h4 Rh6 21.Bf4 Re6
22.Rxe6 Qxe6 23.Qg5 Qf7 24.Be5 Bxf2+ 25.Kh1 Ne6 26.Qd2 Bxh4 27.Rf1 Qe7 28.Qe2
Rf8 29.Rxf8+ Nxf8 30.Qxh5 Bf6 31.Bg3 Bxb2 32.Qh2 Bf6 33.Kg1 Bd4+ 34.Kf1 Qf6+
35.Ke2 Bc8 36.Qh5 Qe6+ 0-1

[Event "TORO (Open)"]
[Site "Gatineau"]
[Date "2015.06.??"]
[Round "3"]
[White "Desjardins, Michel"]
[Black "Tomalty, Alan"]
[Result "1-0"]
[BlackElo "1744"]
[WhiteElo "1984"]

1.e4 d6 2.d4 Nf6 3.Nc3 Nbd7 4.Be3 e5 5.Nf3 Be7 6.Bc4 O-O 7.O-O c6 8.Bb3 b5
9.a3 Bb7 10.Re1 a6 11.Bg5 Qc7 12.Ba2 Rad8 13.Qe2 h6 14.Bh4 Rfe8 15.Bg3 Bf8
16.Rad1 Re7 17.dxe5 dxe5 18.Nh4 Nc5 19.Ng6 Ree8 20.Rxd8 Qxd8 21.Nxe5 Ne6
22.Rd1 Qc8 23.f4 c5 24.Bd5 Bxd5 25.Nxd5 Nxd5 26.Rxd5 Nd4 27.Qd3 Be7 28.c3 Ne6
29.h3 c4 30.Qe2 Nc5 31.Bf2 Nb3 32.Qh5 Rf8 33.Nd7 Rd8 34.Nb6 Qc7 35.Rxd8+ Qxd8
36.Qd5 Qxd5 37.Nxd5 Bd8 38.Be3 a5 39.Kf2 a4 40.e5 Kf8 41.Kf3 g6 42.g4 Ke8
43.f5 gxf5 44.gxf5 h5 45.Ke4 Kd7 46.Nf4 h4 47.Ng2 Kc6 48.f6 Nc5+ 49.Bxc5 Kxc5
50.Nxh4 Kc6 51.Nf5 Kd7 52.Nd6 1-0

[Event "TORO (Open)"]
[Site "Gatineau"]
[Date "2015.06.??"]
[Round "3"]
[White "Potvin, Daniel"]
[Black "Carter, David"]
[Result "0-1"]
[BlackElo "2174"]
[WhiteElo "1632"]

1.b3 d5 2.Bb2 Bg4 3.Nf3 Bxf3 4.exf3 e6 5.Bb5+ c6 6.Be2 Nf6 7.Nc3 Bd6 8.d3
Nbd7 9.O-O Qc7 10.g3 g5 11.Qc1 h6 12.Ba3 Be5 13.Bb2 O-O-O 14.Na4 Bd6 15.Ba3
c5 16.Nc3 a6 17.Rb1 Rdg8 18.Qd2 h5 19.d4 h4 20.dxc5 Nxc5 21.Na4 hxg3 22.fxg3
Bxg3 23.f4 Bxh2+ 24.Kf2 Nfe4+ 0-1

[Event "TORO (Open)"]
[Site "Gatineau"]
[Date "2015.06.??"]
[Round "3"]
[White "Echavarria-Hidalgo, Fernando"]
[Black "Sadeghi, Saeid"]
[Result "0-1"]
[BlackElo "2085"]
[WhiteElo "1871"]

1.Nf3 Nf6 2.c4 e6 3.g3 d5 4.Bg2 c6 5.b3 Be7 6.Bb2 Nbd7 7.O-O O-O 8.Nc3 a5
9.cxd5 exd5 10.Rc1 Ne4 11.d3 Nxc3 12.Bxc3 Nf6 13.Re1 Ba3 14.Rc2 Re8 15.e3 Bb4
16.Bxb4 axb4 17.Qd2 Qb6 18.Rec1 Bf5 19.Nd4 Bg6 20.Bh3 Ra5 21.Ne2 Rea8 22.Nf4
c5 23.Nxg6 hxg6 24.Qe2 Qd6 25.Rd1 Qa6 26.Rdd2 Re8 27.Bg2 b6 28.Bh3 d4 29.e4
Nd5 30.Qg4 Nc3 31.Qd7 Qa8 32.Bg2 Qd8 33.Qxd8 Rxd8 34.e5 Rd7 35.Bh3 Rda7 36.e6
f6 37.Rc1 Kf8 38.Re1 Ke7 39.f4 Rxa2 40.Rxa2 Rxa2 41.f5 gxf5 42.Bxf5 Rb2 43.h4
Rxb3 44.Kg2 Rb1 45.Rxb1 Nxb1 46.Bg4 Nc3 0-1